Aplikácia komplexného manažérstva kvality (TQM) : Záverečná práca

Enregistré dans:
Détails bibliographiques
Auteur principal: Danková, Jarmila (Auteur)
Autres auteurs: Skubáková, Katarína (xxx)
Format: Manuscrit Livre
Langue:slovaque
Publié: Trnava : STU v Bratislave MtF KMK, 2001
Sujets:
Tags: Ajouter un tag
Pas de tags, Soyez le premier à ajouter un tag!

MARC

LEADER 00000ntm a22000003a 4500
001 stu85035
005 20160719154808.3
008 040322s2001----xo------------------slo-d
040 |a STU  |b slo 
041 0 |a slo 
044 |a xo 
100 1 |a Danková, Jarmila  |4 aut 
245 1 |a Aplikácia komplexného manažérstva kvality (TQM) :  |b Záverečná práca 
260 |a Trnava :  |b STU v Bratislave MtF KMK,  |c 2001 
300 |a 44 s 
650 7 |a priemyselný manažment  |2 stusub 
700 1 |a Skubáková, Katarína  |4 xxx  |u M190  |U MTF Materiálovotechnologická fakulta  |T MTF Katedra priemyselného inžinierstva a manažmentu  |U M190  |Y 167